La depresión /

Obra sobre la depresión como enfermedad emblema de la modernidad. Se estudian los diferentes modelos de depresión, el diagnóstico y sus formas clínicas, así como el tratamiento. Se estudian, asimismo, los factores culturales que desencadenan y modifican su sintomatología, y la eficacia de los recurs...

Бүрэн тодорхойлолт

-д хадгалсан:
Номзүйн дэлгэрэнгүй
Үндсэн зохиолч: Polaino-Lorente, Aquilino (autor)
Формат: Ном
Хэл сонгох:испани
Хэвлэсэн: Barcelona, España : Martínez Roca, 1985, c1985
Цуврал:(Biblioteca de Psicología, Psiquiatría y Salud. Salud 2000)
Нөхцлүүд:
Шошгууд: Шошго нэмэх
Шошго байхгүй, Энэхүү баримтыг шошголох эхний хүн болох!

MARC

LEADER 00000nam^a2200000^a^4500
001 000188756
005 20250521000000.0
009 20260310102350.02
020 |a 84-270-0992-5 
037 |a Acervo ITESO - Biblioteca 
041 |a ESP 
082 |a 616. 8527  |b POL 
100 |a Polaino-Lorente, Aquilino  |e (autor) 
245 1 3 |a La depresión /  |c A. Polaino-Lorente. 
264 4 |a Barcelona, España :  |b Martínez Roca,  |c 1985, c1985 
300 |a 164 p. 
336 |a texto  |b txt  |2 rdacontenido 
337 |a sin mediación  |b n  |2 rdamedio 
338 |a volumen  |b nc  |2 rdasoporte 
440 1 |a (Biblioteca de Psicología, Psiquiatría y Salud.  |p Salud 2000) 
520 |a Obra sobre la depresión como enfermedad emblema de la modernidad. Se estudian los diferentes modelos de depresión, el diagnóstico y sus formas clínicas, así como el tratamiento. Se estudian, asimismo, los factores culturales que desencadenan y modifican su sintomatología, y la eficacia de los recursos farmacológicos, psicoterapéuticos y cognitivos para su tratamiento. 
649 |a XX 
650 |a Depresión -  |x Prevención 
650 |a Depresión -  |x Tratamiento 
650 |a Depresión -  |x Tema Principal 
650 |a Neurosis 
650 |a Farmacología 
650 |a Constructivismo 
650 |a Psicoterapia 
650 |a Psicopatología 
650 |a Psicología Clínica 
910 |a Fondo General 
920 |a Impresos - Libros 
930 |a Colección General 
905 |a 101 
901 |a 0500131455  |b IT1  |c ACC  |u 20250521 
902 |a https://opac.biblio.iteso.mx/vufind/Record/000188756